| 000 | 00389pam a2200157a 44500 | ||
|---|---|---|---|
| 008 | 230515b0 xxu||||| |||| 00| 0 eng d | ||
| 020 | _a9.78933E+12 | ||
| 041 | _aNULL | ||
| 082 | _a006.6/HEA/BAK | ||
| 100 | _a"HEARN DONALD D. | ||
| 245 | _aCOMPUTER GRAPHICS WITH OPEN GL | ||
| 250 | _a CARITHERS WARREN | ||
| 260 |
_a20 _b BAKER M. PAULINE _c0 |
||
| 300 | _a4TH EDI IMP | ||
| 650 | _a850 | ||
| 999 |
_c664067 _d664067 |
||